| 000 | 00840nam a22002417a 4500 | ||
|---|---|---|---|
| 999 |
_c56913 _d56913 |
||
| 003 | Ge_BSU | ||
| 005 | 20190618160806.0 | ||
| 008 | 190618b2016 en ||||| |||| 00| 0 eng d | ||
| 020 | _a9789941085253 (P.1) | ||
| 041 | _aeng | ||
| 080 | _a514.174 K-21 | ||
| 100 |
_aKharazishvili, A. _92546 |
||
| 245 |
_aElements of Combinatorial Geometry : Part .1 / _cA. Kharazishvili. |
||
| 264 |
_aTbilisi, _c2016. |
||
| 300 |
_aX, 282 p. _c24 cm. |
||
| 504 | _aბიბლიოგრაფია: გვ. 265-280. | ||
| 546 | _aანოტაცია ქართ. ენაზე. | ||
| 653 | _aკომბინატორული გეომეტრია | ||
| 653 | _aგეომეტრია | ||
| 653 | _aElements of Combinatorial Geometry | ||
| 710 |
_aGeorgian National Academy of Sciences. _92547 |
||
| 942 |
_2udc _cBK |
||